[Event "HEM 2015 B Turnier"]
[Site "Frankfurt-Sossenheim"]
[Date "2015.??.??"]
[Round "7.26"]
[White "Slobodetski, Oleg"]
[Black "Davidov, Georgi"]
[Result "0-1"]
[WhiteElo "1830"]
[BlackElo "1662"]
[PlyCount "106"]
[EventDate "2015.??.??"]
[WhiteTeam "SV Großauheim"]
[BlackTeam "SC Rotenburg"]

1. e4 e5 2. Nf3 Nf6 3. Nc3 Bb4 4. d3 d5 5. exd5 Nxd5 6. Bd2 O-O 7. Be2 Nc6 8.
O-O Bxc3 9. bxc3 f5 10. a3 Qf6 11. c4 Nb6 12. a4 e4 13. Ne1 Be6 14. a5 Nd7 15.
Ra3 Qe7 16. Rb3 b6 17. axb6 axb6 18. f4 Ra2 19. Bc3 Nc5 20. Rb1 Rd8 21. Qc1
exd3 22. Bxd3 Ra4 23. Rf3 Qd7 24. Rg3 g6 25. Rg5 Kf7 26. Rg3 Bxc4 27. Qe3 Bxd3
28. Nxd3 Ne4 29. Ne5+ Nxe5 30. Bxe5 Nxg3 31. Qb3+ Qd5 32. Qxd5+ Rxd5 33. hxg3
Rxe5 34. fxe5 Ke6 35. Rb3 Rc4 36. c3 Kxe5 37. Kf2 Re4 38. Rb5+ Kd6 39. Kf3 Kc6
40. Rb1 Kc5 41. Rh1 h5 42. Ra1 Kc4 43. Rc1 c5 44. Rb1 b5 45. Rc1 g5 46. Rb1 g4+
47. Kf2 b4 48. cxb4 cxb4 49. Rc1+ Kd4 50. Rc8 b3 51. Rd8+ Kc3 52. Rc8+ Rc4 53.
Rb8 b2 0-1

[Event "HEM 2015 B Turnier"]
[Site "Frankfurt-Sossenheim"]
[Date "2015.??.??"]
[Round "7.27"]
[White "Sciurti, Domenico"]
[Black "Kirst, Christian"]
[Result "0-1"]
[WhiteElo "1583"]
[BlackElo "1499"]
[PlyCount "64"]
[EventDate "2015.??.??"]
[WhiteTeam "SV Großauheim"]
[BlackTeam "SV Fechenheim"]

1. d4 Nf6 2. Nf3 g6 3. Bf4 Bg7 4. h3 O-O 5. e3 c5 6. c3 d6 7. Nbd2 Re8 8. Be2
Nc6 9. O-O e5 10. dxe5 dxe5 11. Bg5 Qc7 12. Qc2 h6 13. Bh4 Bf5 14. Qb3 Na5 15.
Qa4 Bd7 16. Qc2 c4 17. Bg3 Nd5 18. Rfd1 Nb6 19. Nd4 Rac8 20. N4f3 Bc6 21. Kf1
Qe7 22. Ne1 Qe6 23. Rdb1 f5 24. Qd1 Rcd8 25. Nc2 Ba4 26. b3 cxb3 27. axb3 Nxb3
28. Rxa4 Nxd2+ 29. Ke1 Nxa4 30. Nd4 exd4 31. Qxa4 dxe3 32. fxe3 Qxe3 0-1

[Event "HEM 2015 B Turnier"]
[Site "Frankfurt-Sossenheim"]
[Date "2015.??.??"]
[Round "7.28"]
[White "Wiegand, Helmut"]
[Black "Boehme, Jonas"]
[Result "1-0"]
[WhiteElo "1956"]
[BlackElo "1095"]
[PlyCount "55"]
[EventDate "2015.??.??"]
[WhiteTeam "Sfr. Wieseck"]
[BlackTeam "SG Somplar"]

1. d4 f5 2. Bg5 g6 3. h4 h6 4. Bf4 Bg7 5. Nc3 b6 6. f3 Ba6 7. e4 Bxf1 8. Kxf1
fxe4 9. Nxe4 e6 10. Qd3 Ne7 11. Be5 Bxe5 12. dxe5 Ng8 13. Nf6+ Nxf6 14. Qxg6+
Kf8 15. exf6 Rg8 16. Qxh6+ Kf7 17. Qh7+ Kxf6 18. Nh3 Rh8 19. Qe4 Nc6 20. Qf4+
Kg7 21. Ng5 Rf8 22. Qg3 Kh8 23. Re1 Qf6 24. Qxc7 Qxb2 25. Qxd7 Qxc2 26. Re4
Qxe4 27. Nxe4 Rad8 28. Qxe6 1-0

[Event "HEM 2015 B Turnier"]
[Site "Frankfurt-Sossenheim"]
[Date "2015.??.??"]
[Round "7.29"]
[White "Kuenitz, Klaus"]
[Black "Pyshny, Anton"]
[Result "1/2-1/2"]
[WhiteElo "1714"]
[BlackElo "1287"]
[PlyCount "38"]
[EventDate "2015.??.??"]
[WhiteTeam "TSV Schott Mainz"]
[BlackTeam "SC Eschborn"]

1. c4 e5 2. Nc3 Bc5 3. e3 Nc6 4. Nf3 d6 5. Be2 Nf6 6. O-O O-O 7. Na4 Bf5 8. b3
Nb4 9. Bb2 Nc2 10. Nxc5 Nxa1 11. Nxb7 Qb8 12. Nxd6 cxd6 13. Qxa1 Qc7 14. d4
exd4 15. Nxd4 Bd7 16. Bf3 Rab8 17. Rd1 Ne8 18. Ne2 f6 19. Nf4 Qb6 1/2-1/2

[Event "HEM 2015 B Turnier"]
[Site "Frankfurt-Sossenheim"]
[Date "2015.??.??"]
[Round "7.30"]
[White "Boerkey, Luis"]
[Black "Kirschner, Philipp"]
[Result "0-1"]
[WhiteElo "1531"]
[BlackElo "1640"]
[PlyCount "104"]
[EventDate "2015.??.??"]
[WhiteTeam "Wiesbadener SV"]
[BlackTeam "Sfr. Kelkheim"]

1. d4 Nf6 2. c4 g6 3. e3 Bg7 4. Nf3 O-O 5. Be2 d6 6. b3 c5 7. dxc5 Ne4 8. Nd4
dxc5 9. Nc2 Qxd1+ 10. Bxd1 Bxa1 11. Nxa1 Nd7 12. Bf3 Ndf6 13. O-O Rd8 14. g4
Ng5 15. Kg2 Nxf3 16. Kxf3 Bxg4+ 17. Kg3 Rd3 18. Bb2 Be6 19. Nc2 Rad8 20. Ne1
R3d7 21. Nf3 Nh5+ 22. Kg2 f6 23. Nc3 Ng7 24. Re1 Nf5 25. Re2 g5 26. Re1 h5 27.
h3 g4 28. hxg4 hxg4 29. Nh2 g3 30. fxg3 Rd2+ 31. Re2 Rxe2+ 32. Nxe2 Rd2 33. Kf2
Rxb2 34. Ng4 Nxg3 35. Kxg3 Bxg4 36. Kxg4 Rxe2 37. Kf3 Rxa2 38. e4 Ra3 39. e5
Rxb3+ 40. Ke4 fxe5 41. Kf5 a5 42. Ke4 a4 43. Kd5 a3 44. Kxc5 Rb4 45. Kd5 e4 46.
Ke5 e3 47. Ke4 Rxc4+ 48. Kd5 e2 49. Ke5 Rd4 50. Kf5 e1=R 51. Kg5 Rf1 52. Kg6
Rd2 0-1

[Event "HEM 2015 B Turnier"]
[Site "Frankfurt-Sossenheim"]
[Date "2015.??.??"]
[Round "7.31"]
[White "Schwarz, Daniel"]
[Black "Koller, Wolfgang"]
[Result "1/2-1/2"]
[WhiteElo "1429"]
[BlackElo "1639"]
[PlyCount "98"]
[EventDate "2015.??.??"]
[WhiteTeam "SG Idstein"]
[BlackTeam "SC Sulzbach"]

1. e4 d5 2. exd5 Qxd5 3. Nc3 Qa5 4. d4 c6 5. Nf3 Nf6 6. Bc4 Bf5 7. Ne5 e6 8. g4
Be4 9. f3 Bd5 10. Qe2 Nbd7 11. Nxd7 Nxd7 12. Bxd5 cxd5 13. Bd2 Bb4 14. a3 Bxc3
15. Bxc3 Qc7 16. O-O-O O-O-O 17. Rd3 Kb8 18. Bd2 Rc8 19. Rc3 Qd6 20. Rb3 Rc6
21. Bb4 Qf4+ 22. Qe3 Qxe3+ 23. Rxe3 Rhc8 24. Rc3 Rxc3 25. Bxc3 a6 26. h4 g6 27.
g5 b5 28. h5 Nb6 29. hxg6 hxg6 30. Rh7 Rc7 31. Ba5 Kb7 32. Bxb6 Kxb6 33. Rh8
Kc6 34. Kd2 Ra7 35. Rc8+ Kd7 36. Rc5 Ra8 37. Ke3 Rh8 38. a4 bxa4 39. Ra5 Rb8
40. Rxa4 Rxb2 41. Rxa6 Rxc2 42. Ra7+ Rc7 43. Ra6 Ke7 44. Ra3 Kf8 45. Kf4 Kg7
46. Ke5 Rc1 47. Ra7 Rf1 48. Kf4 Re1 49. Rb7 Re2 1/2-1/2

[Event "HEM 2015 B Turnier"]
[Site "Frankfurt-Sossenheim"]
[Date "2015.??.??"]
[Round "7.32"]
[White "Mook, Karl-Juergen"]
[Black "Mueller, Nils"]
[Result "1-0"]
[WhiteElo "1570"]
[BlackElo "1089"]
[PlyCount "89"]
[EventDate "2015.??.??"]
[WhiteTeam "SC Sulzbach"]
[BlackTeam "SF Friedberg"]

1. Nf3 Nf6 2. d4 d5 3. c4 dxc4 4. Nc3 Bg4 5. e3 e6 6. Bxc4 Bb4 7. O-O O-O 8.
Be2 Nc6 9. Bd2 Re8 10. h3 Bf5 11. Nh4 Qd6 12. Nxf5 exf5 13. Qc2 g6 14. Bf3 Rad8
15. Rfd1 Ba5 16. a3 a6 17. Ne2 Ne4 18. Be1 Bxe1 19. Rxe1 Na5 20. Rac1 c6 21. b4
Nc4 22. Bxe4 Nxa3 23. Qb3 Rxe4 24. Qxa3 Rde8 25. Qc3 Qd5 26. Qc4 Qxc4 27. Rxc4
Rc8 28. Ng3 Ree8 29. Ne2 b5 30. Rc2 Re6 31. Rec1 Rd6 32. Nf4 g5 33. Nh5 Rh6 34.
g4 fxg4 35. hxg4 f5 36. f3 Kf7 37. d5 fxg4 38. fxg4 Rd6 39. dxc6 Rd3 40. Kf2
Ke6 41. Ke2 Rb3 42. c7 Rxb4 43. Rc6+ Kd7 44. Nf6+ Ke7 45. Nd5+ 1-0

[Event "HEM 2015 B Turnier"]
[Site "Frankfurt-Sossenheim"]
[Date "2015.??.??"]
[Round "7.34"]
[White "Schreer, Maxima"]
[Black "Boerkey, Pierre"]
[Result "1-0"]
[WhiteElo "1414"]
[BlackElo "1375"]
[PlyCount "49"]
[EventDate "2015.??.??"]
[WhiteTeam "SF Friedberg"]
[BlackTeam "Wiesbadener SV"]

1. e4 c5 2. Nc3 a6 3. a4 Nc6 4. Bc4 Nf6 5. d3 d6 6. h3 g6 7. Nf3 Bg7 8. Be3 O-O
9. Ng5 Ne5 10. Bb3 Bd7 11. Qb1 h6 12. f4 Nc6 13. Nf3 Nh5 14. Ne2 e5 15. Qc1
exf4 16. g4 Ng3 17. Nxg3 fxg3 18. Bxh6 Qf6 19. Bxg7 Kxg7 20. Rf1 Rh8 21. Ng1
Qh4 22. Rxf7+ Kg8 23. Rxd7+ Kf8 24. Qf4+ Ke8 25. Qf7# 1-0

[Event "HEM 2015 B Turnier"]
[Site "Frankfurt-Sossenheim"]
[Date "2015.??.??"]
[Round "7.35"]
[White "Sciurti, Carmine"]
[Black "Droeser, Wolfgang"]
[Result "1-0"]
[WhiteElo "1233"]
[BlackElo "1461"]
[PlyCount "61"]
[EventDate "2015.??.??"]
[WhiteTeam "SV Großauheim"]
[BlackTeam "SF Frankfurt"]

1. d4 d6 2. Bf4 g6 3. e3 Bg7 4. Nf3 Nf6 5. h3 c6 6. Be2 Nbd7 7. O-O Nd5 8. Bh2
e5 9. c4 Ne7 10. Nc3 f6 11. Qb3 Qc7 12. Rfd1 c5 13. Nb5 Qb6 14. dxe5 dxe5 15.
Nd6+ Kf8 16. Nxc8 Qxb3 17. axb3 Nxc8 18. Rxd7 Ne7 19. Rxb7 Kf7 20. Raxa7 Rxa7
21. Rxa7 Rc8 22. Ne1 Ke6 23. Ra6+ Kf7 24. Nd3 e4 25. Nf4 f5 26. Ra7 Ke8 27. Nd5
Bf8 28. Nf6+ Kd8 29. Nxh7 Bg7 30. Bd6 Nc6 31. Rxg7 1-0

[Event "HEM 2015 B Turnier"]
[Site "Frankfurt-Sossenheim"]
[Date "2015.??.??"]
[Round "7.36"]
[White "Stier, Ingrid"]
[Black "Soter, Ehrenfried"]
[Result "0-1"]
[WhiteElo "1086"]
[BlackElo "945"]
[PlyCount "68"]
[EventDate "2015.??.??"]
[WhiteTeam "SVG Lauterbach"]
[BlackTeam "SC Königsspringer Alzenau"]

1. e4 c5 2. Bc4 e6 3. Nf3 Nc6 4. c3 Nf6 5. d3 h6 6. Be3 Qc7 7. Qc2 Be7 8. Nbd2
d6 9. Bf4 e5 10. Bg3 Bg4 11. h3 Bxf3 12. Nxf3 Nh5 13. Qb3 O-O-O 14. Bxf7 Nxg3
15. fxg3 Na5 16. Qa3 Rhf8 17. O-O c4 18. Bd5 Qb6+ 19. d4 Nc6 20. Rad1 Bg5 21.
Nxg5 Rxf1+ 22. Kxf1 hxg5 23. Bxc6 Qxc6 24. d5 Rf8+ 25. Kg1 Qb6+ 26. Kh1 g4 27.
b3 Rh8 28. Qb2 gxh3 29. Kh2 hxg2+ 30. Kxg2 Qe3 31. bxc4 Qxe4+ 32. Kg1 Rh1+ 33.
Kf2 Rh2+ 34. Kg1 Qh1# 0-1